000 01420nam a2200409 a 4500
001 21175
003 VRT
005 20260223153853.0
008 230403s1960 xo slo
015 _aSNBA1960/12-02034
035 _aSK01SNK19600053174
035 _aurn:nbn:sk:snk-am3h4c9
035 _aurn:nbn:sk:snk-am00cn3b
035 _aBCA18B99-530A-4CF4-861B-44F5DE2A4DF6
035 _aSKM000055637
039 9 _a202304032036
_bVLOAD
_c202212081106
_dVLOAD
_c201808131545
_dVLOAD
_c201803051031
_dVLOAD
040 _aSNK
_bslo
_cSNK
_eAACR2
041 0 _aslo
044 _axo
_cSK
080 _a885.4-1
_21981
100 1 _aŽáry, Štefan,
_d1918-2007
_4aut
245 1 0 _aZázračný triezvy koráb
_bBáseň o víťazstvách človeka môjho veku
_cŠtefan Žáry ; ilustr. Orest Dubay
260 _aBratislava
_bSlovenský spisovateľ
_c1960
_eRužomberok
_fTlačiarne SNP
300 _a125, [3] s.
_c
490 1 _aNová komorná knižnica
_vzv. 19
500 _aFrontispice.
563 _a4000 výtl.
650 0 7 _abásne
655 7 _aumelecká literatúra
_2SNKPH
700 1 _aDubay, Orest,
_d1919-2005
_4ill
830 0 _aNová komorná knižnica
942 _2ddc
_cKLDO
_n0
949 _617A0677454
_asnkSD 19466
_bsnkKSP 4357/60
_s6100:20161017
949 _6369701000009151
_aaubbO 6456
_baubbO6456
_pDarca: Stračina, Svetozár
999 _c21175
_d21175